| 000 | 00757nam a22002417i 4500 | ||
|---|---|---|---|
| 003 | EG-ScBUE | ||
| 005 | 20240324114228.0 | ||
| 008 | 200219s2023 ua f 000 0 eng d | ||
| 020 | _a978977996985 | ||
| 040 |
_aEG-ScBUE _beng _erda _cEG-ScBUE _dEG-ScBUE |
||
| 082 | 0 | 4 |
_222 _a809 _bOTH |
| 100 | 1 |
_aOthman, Ahlam, _eauthor. |
|
| 245 | 1 | 0 |
_aStudies in comparative literature / _cAhlam Othman. |
| 264 | 1 |
_aCairo : _bScribe Publishing and Distribution, _c2023. |
|
| 300 |
_a250 pages ; _c24 cm |
||
| 336 |
_2rdacontent _atext _btxt |
||
| 337 |
_2rdamedia _aunmediated _bn |
||
| 338 |
_2rdacarrier _avolume _bnc |
||
| 650 | 7 |
_aComparative literature _xMethodology. _2BUEsh |
|
| 655 | _vReading book | ||
| 942 |
_2ddc _cBB |
||
| 999 |
_c30720 _d30691 |
||